00638nam a2200157 a 4500008004100000050001600041100002100057245003900078246006500117260002700182300002000209350000900229995009300238999001700331952013200348120416s1976 ||||||||||||||||| || u aNA 2540 Pre aPreziosi, Donald10aArchitecture, language and meaning athe origins of the built world and its semiotic organization aNew YorkbMoutonc1976 ax, 122p. : ill. a0.00 D0.00FCBU-MAIN LIBRARY (Kitwe)H1I0.00M1UDAMAGEDZMain Library Open Access Collection c34786d34786 00102lcc4070a001b001cMain Library Open Access Collectiond2022-11-30l0oNA 2540 Prep010187r2022-11-30w2022-11-30y002